000 00751nam a2200289Ia 4500
005 20260324151052.0
008 008 260324s9999 xx 000 0 eng d
020 _a9781003425137
037 _aEBOOK
040 _aCRL
040 _beng
040 _cCRL
041 _2eng
041 _aeng
084 _qCRL
100 _aDr. Henry Sweet
_91228615
245 0 _aKing Alfred's West-Saxon Version of Gregory's Pastoral Care
245 0 _bWith an English Translation, the Latin Text, Notes, and an Introduction
260 _bTaylor and Francis
260 _c1871
365 _a
365 _b195
856 _uhttp://www.taylorfrancis.com/books/9781003425137
942 _cEBOOK
999 _c1839113
_d1839113